Basaball’s JEOPARDY! - Statistics

General Stats
  • This quiz has been taken 21 times
  • The average score is 10 of 30
Answer Stats
CATEGORY QUESTIONS/ANSWERS % Correct
$200 THE MISSISSIPPI RIVER’S LONGEST TRIBUTARY; IS LONGER THAN THE MISSISSIPPI ITSELF {Missouri}
82%
$400 THIS CHINESE RIVER IS THE MOST POLLUTED IN THE WORLD {Yangtze}
76%
$200 THE AMOUNT OF BOROUGHS IN THE BIG APPLE {Five}
71%
$200 THE MOST FAMOUS BASEBALL PLAYER OF ALL TIME? {Babe Ruth}
71%
$200 THE RAILROAD THAT WAS BUILT ACROSS THE UNITED STATES {Transcontinental Railroad}
65%
$400 THE SOUTHERNMOST BOROUGH, IT OCCUPIES RICHMOND COUNTY {Staten Island}
65%
$200 THE SONG RELEASED BY THIS ARTIST GETS POPULAR EVERY OCTOBER {Thriller}
59%
$400 THIS SAN FRANCISCO MLB TEAM SHARES THE NAME WITH A NFL TEAM LOCATED IN THE NEXT CATEGORY OVER {Giants}
59%
$200 THE CREATOR AND MASTERMIND BEHIND THIS WEBSITE {Quizmaster}
47%
$600 THIS JAPANESE PHENOM WAS NL MVP THE LAST TWO YEARS {Shohei Ohtani}
47%
$400 THE NUMBER 1-RANKED USER, ALSO WORKS FOR THE WEBSITE {Stewart}
41%
$400 THE PIECE THAT $200 IN THIS CATEGORY WAS FINISHED WITH {Golden Spike}
41%
$600 THIS TWO-LETTER RIVER IS ONE OF THE WORLD’S LONGEST {Ob}
41%
$600 THE STATE THAT $200 IN THIS CATEGORY WAS FINISHED IN {Utah}
35%
$600 THE YEAR THAT JETPUNK WAS FOUNDED {2008}
35%
$400 HE WANTS YOU TO LEAVE, SCRAM, GET OUT, BUT HE WOULD SAY THIS {Beat It}
29%
$600 THIS GRAVITY-DEFYING DANCE MOVE WAS CREATED AND GAINED FAME BY HIM {The Lean}
29%
$800 THE NUMBER OF CATEGORIES IN JETPUNK’S SITE MAP {Eleven}
24%
$800 THIS 1969 TEAM WAS GIVEN AN ALLITERATIVE NICKNAME STARTING WITH THE LETTER M {Miracle Mets}
24%
$800 THIS POP FIGURE’S MIDDLE NAME {Joseph}
24%
$800 THIS HIGH-END HOTEL’S ORIGINAL LOCATION WAS DEMOLISHED TO MAKE WAY FOR THE EMPIRE STATE BUILDING {Waldorf Astoria}
18%
$800 THE TWO LONGEST RIVERS IN AUSTRALIA {Murray/Darling}
12%
$600 THIS APPLE IS NOW THE MOST POPULAR APPLE IN AMERICA, OVERTAKING THE RED DELICIOUS {Gala}
12%
$1000 THE AMOUNT OF STITCHES ON A BASEBALL {108}
6%
$2000 THE NAMES OF WHERE THIS POP FIGURE WAS BORN AND DIED; ALSO THE COMMENTATING DUO FOR THE MODERN DAY “THE NATIONAL PASTIME” FOR $800. {Gary/Ronald} If you get this one, add $2000 to your score and comment that you got it! Good job and no cheating!
0%
$1000 THE NATIVE AMERICAN NAMESAKE OF THE MOST POPULOUS COUNTY IN THE USA’S ISLAND {Mannahatta}
0%
$800 THE ONLY RAILROAD ON A MONOPOLY BOARD THAT DOESN’T END IN “RAILROAD” {The Short Line}
0%
$1000 THIS TRIBUTARY OF THE AMAZON RIVER MAKES THE AMAZON THE LONGEST RIVER {Mantaro River}
0%
$1000 THIS WOMAN IS MENTIONED OFTEN DURING THIS CATEGORY’S TITLE {Dinah}
0%
$1500 WORD FOR WORD, THE MOTTO ON JETPUNK’S FRONT PAGE (BELOW WELOME TO JETPUNK) {Start your learning adventure today. JetPunk – it's quiz time!} If you get this one, add $1500!
0%
No matching quizzes found
Score Distribution
Percent of People with Each Score
Percentile by Number Answered
Your Score History
You have not taken this quiz